MARC

LEADER 00000nam a2200000Ia 4500
001 8439, 9821, 2354
003 Arxiu
005 20260324181044.0
008 160829m19851987spc xxs cat c
040 |a AGDB 
080 |a FU-18-23, FU-18-24, C-2-164 
110 1 |a Barcelona (Catalunya : Província).  |b Àrea d'Agricultura i Medi Natural  |9 55979 
245 1 0 |a Normes reguladores de les subvencions de l'Àrea d'Agricultura i Medi Natural 
260 |a Barcelona :  |b Diputació de Barcelona, Àrea d'Agricultura i Medi Natural,  |c 1985-1987 
300 |a 3 volums ;  |c 30 cm 
650 |a Subvencions agrícoles  |x Barcelona (Província)  |x Normes   |9 34355 
650 |a Medi ambient  |x Barcelona (Província)  |x Subvencions  |x Normes  |9 34356 
866 |a 1985 
866 |a 1986 
866 |a 1987 
901 |a Arxiu 
942 |n 1  |2 udc  |c ARXIU 
952 |0 0  |1 0  |4 0  |6 C2164  |7 1  |9 46477  |a Arxiu  |b Arxiu  |d 2016-12-01  |o C-2-164  |p 2354  |r 2016-12-01 00:00:00  |w 2016-12-01  |y ARXIU 
952 |0 0  |1 0  |4 0  |6 FU1823  |7 1  |9 65643  |a Arxiu  |b Arxiu  |d 2023-03-15  |h 1985  |l 0  |o FU-18-23  |p 8439  |r 2023-03-15 00:00:00  |w 2023-03-15  |y ARXIU 
952 |0 0  |1 0  |4 0  |6 FU1824  |7 1  |9 65644  |a Arxiu  |b Arxiu  |d 2023-03-15  |h 1986  |l 0  |o FU-18-24  |p 9821  |r 2023-03-15 00:00:00  |w 2023-03-15  |y ARXIU 
999 |c 50267  |d 50267